000 00537nam a2200193Ia 4500
005 20260120131732.0
008 008 260114s9999 xx 000 0 eng d
020 _a9780197571057
037 _aEBOOK
040 _aCRL
_beng
_cCRL
041 _aeng
_2eng
084 _qCRL
100 _aFreeman & Meretoja
_9930583
245 4 _aThe Use and Abuse of Stories
260 _bOxford University PressOxford University Press
_c2023
856 _uhttps://academic.oup.com/book/46058
942 _cEBOOK
999 _c1522505
_d1522505